The Lorax
This book experience the beauty of the Truffula Trees and the danger of taking our earth for granted in a story that is timely, playful, and hopeful. The book's final pages teach us that just one small seed, or one small child, can make a difference.
Sparad:
| Huvudupphovsman: | |
|---|---|
| Materialtyp: | Bok |
| Språk: | Vietnamese |
| Publicerad: |
New York
Random House
1971
|
| Ämnen: | |
| Taggar: |
Lägg till en tagg
Inga taggar, Lägg till första taggen!
|
| Thư viện lưu trữ: | Thư viện Trường Đại học Nam Cần Thơ |
|---|
| LEADER | 00878nam a22001937a 4500 | ||
|---|---|---|---|
| 001 | NCT_4_008712 | ||
| 008 | 240530b xxu||||| |||| 00| 0 vie d | ||
| 999 | |c 8372 |d 8372 | ||
| 020 | |a 9780394823379 |c $16.99 | ||
| 082 | 0 | 4 | |2 23rd ed. |a 741.5 |b S446 |
| 100 | 1 | |a Seuss | |
| 245 | 1 | 0 | |a The Lorax |c Seuss |
| 260 | |a New York |b Random House |c 1971 | ||
| 300 | |a 72 p. |b ill. |c 28cm | ||
| 520 | 3 | |a This book experience the beauty of the Truffula Trees and the danger of taking our earth for granted in a story that is timely, playful, and hopeful. The book's final pages teach us that just one small seed, or one small child, can make a difference. | |
| 653 | |a Tham khảo | ||
| 942 | |2 ddc |c BK | ||
| 952 | |0 0 |1 0 |2 ddc |4 0 |6 741_500000000000000_S446 |7 0 |9 28929 |a 000001 |b 000001 |d 2024-05-30 |o 741.5 S446 |p TK.01110 |r 2024-05-30 |w 2024-05-30 |y BK | ||
| 980 | |a Thư viện Trường Đại học Nam Cần Thơ | ||


